Ricostruisci la Carriera del Calciatore - Kepa Arrizabalaga - Statistics

Statistiche generali
  • Questo quiz è stato fatto 5 volte
  • Il punteggio medio è 3 su 7
Statistiche sulle risposte
Hint Risposta % Corretto
2015 Ponferradina
67%
2023- Real Madrid
67%
2015-2016 Real Valladolid
67%
2016-2018 Athletic Bilbao
33%
2011-2013 Baskonia
33%
2018-2023 Chelsea
33%
2012-2015 Bilbao Athletic
0%
Nessun quiz corrispondente trovato
Distribuzione punteggi
Percentuale di utenti per punteggio
Percentile per numero di risposta
I tuoi punteggi nel tempo
Non hai fatto questo quiz